000 002150000a22000970004500
100 1 _aNewton, Jim
245 1 0 _aThe way ahead
300 _aNúm 67 (1994), Páginas 4-7
773 0 _tWorld Evangelization
942 _cANA
999 _c57583
_d57583